000 08456cam a22012374i 4500
003 PE-LiUPU
005 20250813185350.0
008 150528s2011 sp a rb 000 0 spa d
020 _a9788415274063
035 _a(Sirsi) i9788415274063
040 _aPE-LiUPU
_bspa
_cPE-LiUPU
_erda
049 _aPRUA
082 0 4 _a333.7962
_bI6
245 0 0 _aIntegración de energías renovables en edificios /
_cAlfonso Aranda Usón [y otros ocho].
250 _a1.a edición.
264 1 _aZaragoza-España :
_bPrensas Universitarias de Zaragoza,
_c2011.
300 _a271 páginas :
_bilustraciones ;
_c23 centímetros
336 _atext
_2rdacontent
337 _aunmediated
_2rdamedia
338 _avolume
_2rdacarrier
490 0 _aTextos docentes / Prensas Universitarias de Zaragoza. Energías renovables ;
_v193
504 _aBibliografía : páginas 263-265.
505 0 _aEnergía solar fotovoltaica -- Ventajas de integrar sistemas fotovoltaicos en edificios -- Producción directa de energía eléctrica mediante energía solar Efecto fotovoltaico -- Módulos fotovoltaicos para integración en edificios Tecnologías existentes -- Módulos cristalinos -- Módulos de capa fina -- Módulos para integración en edificios -- Soluciones para integración de módulos fotovoltaicos -- Instalaciones en cubiertas de edificios -- Instalaciones en azoteas de edificios -- Instalaciones en marquesinas de aparcamientos -- Instalaciones en equipamiento del edificio -- Instalaciones en fachadas -- Componentes de las instalaciones -- Subsistema de captación -- Subsistema de regulación -- Subsistema de acondicionamiento de potencia -- Subsistema de almacenamiento -- Tipos de instalaciones fotovoltaicas -- Instalaciones aisladas -- Instalaciones conectadas a la red -- Inversor -- Potencia pico -- Número de módulos por string -- Número de string -- Estimación de la producción en instalaciones fotovoltaicas conectadas a la red -- Diseño y operación de instalaciones fotovoltaicas en edificios -- Diseño de instalaciones integradas en edificios -- Detección de averías en las instalaciones -- Normativa y tramitación de las instalaciones -- Normativa aplicable a las instalaciones fotovoltaicas conectadas a la red -- Aspectos económicos de las instalaciones conectadas a la red -- ENERGÍA MINI EÓLICA -- Introducción a la energía cólica en edificios -- Situación actual y barreras para su desarrollo -- Energía mini eólica Definición -- Motivos para la instalación de UWT -- Caracterización del viento -- Potencia eólica y límite de Bentz -- Determinación de la velocidad del viento -- Determinación de la direccionalidad del viento -- Tipos de turbinas para integración en edificios Tecnologías existentes -- Turbinas de eje horizontal -- Turbinas de eje vertical -- Otros tipos de turbinas para entornos urbanos -- Diseño de instalaciones cólicas en edificios -- Aspectos a considerar en la instalación de miniturbinas en edificios -- Planificación urbana -- Localización -- Normativa aplicable a las instalaciones cólicas en edificios -- Condiciones de diseño -- Normativa sobre el ruido -- Retribución -- Futuro de las instalaciones mini eólicas -- ENERGÍA SOLAR TÉRMICA -- Introducción a la energía solar térmica -- Criterios de integración en edificios -- Integración en cubierta -- Integración en fachada -- Integración como elementos constituyentes de la composición arquitectónica -- Tipos de colectores -- Colectores de polipropileno -- Colectores de placa plana -- Colectores de tubos de vacío -- Curvas de rendimiento -- Aplicaciones -- Producción de agua caliente sanitaria (ACS) -- Refrigeración solar por absorción -- Sistema solar termodinámico -- Calefacción por suelo radiante -- Calentamiento de piscinas -- Nociones generales para el dimensionado de la superficie de captación y otros elementos de la instalación -- Dimensionado de la superficie de captación -- Dimensionado de otros elementos de la instalación -- Depósito acumulador -- Bomba circuladora -- Depósito de expansión -- Intercambiador de calor -- Normativa para instalaciones de energía solar térmica en edificios -- ENERGÍA DE LA BIOMASA -- Introducción -- Definición de biomasa -- Utilización de biocombustibles sólidos en edificios -- Ventajas de la integración de la biomasa en edificios -- Caracterización de los biocombustibles sólidos Pretratamiento y combustión -- Caracterización de los biocombustibles sólidos -- Propiedades químicas -- Poder calorífico -- Propiedades físicas -- Normativa y estandarización de los biocombustibles sólidos -- Posibles pretratamientos -- Reducción del tamaño -- Reducción del contenido de humedad -- Densificación -- Combustión: procesos y tecnologías -- Conceptos generales y búsqueda de una combustión eficiente -- Procesos físico-químicos que tienen lugar en la combustión de biomasa sólida -- Tecnologías de combustión de biomasa sólida -- Dimensionado de una instalación de aprovechamiento energético de biomasa -- Definición de la demanda energética por abastecer -- Logística del combustible -- Elección del combustible -- Logística de suministro -- Sistemas de almacenamiento -- Selección del sistema de conversión energética de la biomasa -- Sistema de alimentación del silo a la caldera -- Sistema de conversión del combustible y transferencia del calor -- Elementos auxiliares Sistema de regulación y control -- Mantenimiento de la instalación -- Problemas asociados a las cenizas -- Sistemas de limpieza y recolección de cenizas -- Producción combinada de calor, frío y trabajo en el sector residencial -- Producción de frío -- Generación de electricidad en sistemas integrados en edificios -- ENERGÍA DE LA GEOTERMIA -- Sistemas geotérmicos para la climatización de edificios -- Circuito exterior o primario -- Colectores horizontales enterrados -- Colectores verticales o sondas geotérmicas -- Otros sistemas de captación -- Bomba de calor -- Circuito interioro secundario -- Funcionamiento de un sistema geotérmico -- Modo refrigeración -- Modo calefacción -- Diseño de una instalación geotérmica -- Trámites administrativos -- Ventajas e inconvenientes.
526 _aP202
526 _aP201
526 _aP163
526 _aP162
526 _aP161
526 _aP160
526 _aP148
526 _aP147
526 _aP146
526 _aP145
526 _aP144
526 _aP143
526 _aP142
526 _aP141
526 _aP140
526 _aP139
526 _aP138
526 _aP137
526 _aP136
526 _aP135
526 _aP134
526 _aP133
526 _aP129
526 _aP128
526 _aP127
526 _aP120
526 _aP119
526 _aP118
526 _aP116
526 _aP115
526 _aP114
526 _aP110
526 _aP109
526 _aP108
526 _aP104
526 _aP103
526 _aP102
526 _aP99
526 _aP98
526 _aP97
526 _aP96
526 _aP95
526 _aP93
526 _aP90
526 _aP89
526 _aP88
526 _aP83
526 _aP82
526 _aP62
526 _aP59
526 _aP58
526 _aP57
526 _aP51
526 _aP49
526 _aP48
526 _aP47
526 _aP29
526 _aP24
526 _aP20
526 _aP19
526 _aP17
526 _aP15
526 _aP14
526 _aP12
526 _aP10
526 _aP09
526 _aP08
526 _aP07
526 _aP06
526 _aP05
526 _aP04
526 _aP01
541 _g043-0014406;
650 7 _aEdificios
_xAhorro de energía.
_2embne
650 7 _aRecursos energéticos renovables.
_2embne
700 1 _aAranda Usón, José Alfonso,
_ecoordinador.
910 _ardg
_bjck
_crdg
_d20150528
942 _2ddc
_cBOOK
949 _a333.7962 I6
_wDEWEY
_c1
_i71303
_d2016-5-6
_e2016-5-2
_lCCODEBUL1
_mBUL
_n2
_p24.03
_r0
_sY
_tBOOK
_u2015-5-28
_xINGENIERIA
_PP24
_0COMPRA
_o.STAFF. Colección General
994 _aC0
_bPEPRU
596 _a1
999 _a333.7962 I6
_wDEWEY
_c20079
_i71303
_d20079
_e2017-6-30
_f2021-11-9
_g7
_lCCODEBUL1
_mBUL
_n3
_p24.03
_q1
_r0
_sY
_tBOOK
_u2015-5-28
_xINGENIERIA
_PP24
_0COMPRA
_o.STAFF. Colección General
980 _81
_gALBERTO SANCHEZ Responsable de Automatización